<?xml version="1.0" encoding="UTF-8"?>
<record
    xmlns:xsi="http://www.w3.org/2001/XMLSchema-instance"
    xsi:schemaLocation="http://www.loc.gov/MARC21/slim http://www.loc.gov/standards/marcxml/schema/MARC21slim.xsd"
    xmlns="http://www.loc.gov/MARC21/slim">

  <leader>03373nam a2200553Ia 4500</leader>
  <controlfield tag="001">1367</controlfield>
  <controlfield tag="008">241029s9999    xx            000 0 und d</controlfield>
  <datafield tag="010" ind1=" " ind2=" ">
    <subfield code="a">1272</subfield>
  </datafield>
  <datafield tag="041" ind1=" " ind2=" ">
    <subfield code="a">Espa&#xF1;ol</subfield>
  </datafield>
  <datafield tag="082" ind1=" " ind2=" ">
    <subfield code="a">UNIBE ES-0062</subfield>
  </datafield>
  <datafield tag="245" ind1=" " ind2="0">
    <subfield code="a">El trabajo docente y su impacto en el nivel de integraci&#xF3;n de los profesionales de la UNIBE a las reformas universitarias.</subfield>
  </datafield>
  <datafield tag="260" ind1=" " ind2=" ">
    <subfield code="a">Santo Domingo</subfield>
  </datafield>
  <datafield tag="300" ind1=" " ind2=" ">
    <subfield code="a">127</subfield>
  </datafield>
  <datafield tag="520" ind1=" " ind2=" ">
    <subfield code="a">29</subfield>
  </datafield>
  <datafield tag="630" ind1=" " ind2=" ">
    <subfield code="a">Gesti&#xF3;n</subfield>
  </datafield>
  <datafield tag="630" ind1=" " ind2=" ">
    <subfield code="a">Reforma Educativa</subfield>
  </datafield>
  <datafield tag="650" ind1=" " ind2=" ">
    <subfield code="a">Calidad Docente</subfield>
  </datafield>
  <datafield tag="690" ind1=" " ind2=" ">
    <subfield code="a">Sintetizado</subfield>
  </datafield>
  <datafield tag="700" ind1=" " ind2=" ">
    <subfield code="e">asesor</subfield>
    <subfield code="a">De Los Santos , Saturnino</subfield>
  </datafield>
  <datafield tag="700" ind1=" " ind2=" ">
    <subfield code="e">autor</subfield>
    <subfield code="a">Gonzales Cavallo, Elmer</subfield>
  </datafield>
  <datafield tag="700" ind1=" " ind2=" ">
    <subfield code="e">autor</subfield>
    <subfield code="a">Mesa P&#xE9;rez, Juan Gerardo</subfield>
  </datafield>
  <datafield tag="700" ind1=" " ind2=" ">
    <subfield code="e">asesor</subfield>
    <subfield code="a">Penkova, Snejanka</subfield>
  </datafield>
  <datafield tag="901" ind1=" " ind2=" ">
    <subfield code="a">{"1":"Gonzales Cavallo","2":"Mesa P&#xE9;rez"}</subfield>
    <subfield code="b">{"1":"Elmer","2":"Juan Gerardo"}</subfield>
  </datafield>
  <datafield tag="902" ind1=" " ind2=" ">
    <subfield code="a">2</subfield>
  </datafield>
  <datafield tag="903" ind1=" " ind2=" ">
    <subfield code="a">{"1":"Penkova","2":"De Los Santos "}</subfield>
    <subfield code="b">{"1":"Snejanka","2":"Saturnino"}</subfield>
  </datafield>
  <datafield tag="904" ind1=" " ind2=" ">
    <subfield code="a">Maestr&#xED;a en</subfield>
  </datafield>
  <datafield tag="905" ind1=" " ind2=" ">
    <subfield code="a">Educaci&#xF3;n Superior</subfield>
  </datafield>
  <datafield tag="906" ind1=" " ind2=" ">
    <subfield code="a">2</subfield>
  </datafield>
  <datafield tag="907" ind1=" " ind2=" ">
    <subfield code="a">NO APLICA</subfield>
  </datafield>
  <datafield tag="908" ind1=" " ind2=" ">
    <subfield code="a">NO APLICA</subfield>
  </datafield>
  <datafield tag="909" ind1=" " ind2=" ">
    <subfield code="a">Universidad Iberoamericana (UNIBE)</subfield>
  </datafield>
  <datafield tag="910" ind1=" " ind2=" ">
    <subfield code="a">NULL</subfield>
    <subfield code="b">NULL</subfield>
  </datafield>
  <datafield tag="911" ind1=" " ind2=" ">
    <subfield code="a">["1"]</subfield>
  </datafield>
  <datafield tag="912" ind1=" " ind2=" ">
    <subfield code="a">NO APLICA</subfield>
  </datafield>
  <datafield tag="913" ind1=" " ind2=" ">
    <subfield code="a">NULL</subfield>
  </datafield>
  <datafield tag="914" ind1=" " ind2=" ">
    <subfield code="a">01 de Mayo de 2006</subfield>
  </datafield>
  <datafield tag="915" ind1=" " ind2=" ">
    <subfield code="a">11/12/19 01:12</subfield>
  </datafield>
  <datafield tag="916" ind1=" " ind2=" ">
    <subfield code="a">NULL</subfield>
  </datafield>
  <datafield tag="917" ind1=" " ind2=" ">
    <subfield code="a">NULL</subfield>
  </datafield>
  <datafield tag="918" ind1=" " ind2=" ">
    <subfield code="a">NO APLICA</subfield>
  </datafield>
  <datafield tag="919" ind1=" " ind2=" ">
    <subfield code="a">["111","176"]</subfield>
  </datafield>
  <datafield tag="520" ind1=" " ind2=" ">
    <subfield code="a">Los criterios generales del estudio establecen la estructuraci&#xF3;n de ideas y los resultados obtenidos durante el proceso de investigaci&#xF3;n y traducidos en un instrumento que permite entender la l&#xF3;gica de su configuraci&#xF3;n tem&#xE1;tica. Los objetivos del estudio atienden en primer lugar, al an&#xE1;lisis de las vertientes en que se desarrolla la labor docente en la UNIBE de frente a los procesos de reformas. Adem&#xE1;s, se orientan a conocer las caracter&#xED;sticas e Instituciones que defienden las posibilidades interaccionares que conlleva la reforma universitaria.El contenido se ha estructurado en la base de articular las prospectivas de la integraci&#xF3;n de variantes en el docente que dan evidencias para la contestaci&#xF3;n de interrogantes del estudio, aplicando conceptos claves del proceso, en el desarrollo de criterios metodol&#xF3;gicos b&#xE1;sicos de la investigaci&#xF3;n, fundamentados en un estudio de tipo exploratorio, descriptivo, transversal y de campo, en la base de una clasificaci&#xF3;n prospectiva de datos para presentar conceptos ilustrados conforme a los diversos componentes de la estructura de estudio.El enfoque general de la investigaci&#xF3;n asume la aceptaci&#xF3;n de datos documentales y de campo que permiten relatar observaciones, para hacer inferencias de la evoluci&#xF3;n estad&#xED;stica de variables independientes planteadas en el planteamiento de la problem&#xE1;tica y el marco, forma de abordaje del trabajo de an&#xE1;lisis sobre los profesores de la UNIBE.En sentido concluyente, existen factores sociales e institucionales que se registran en la actividad profesoral, que no est&#xE1;n pautados en las estrategias de la Instituci&#xF3;n y que inciden de manera directa en la estructura docente de la academia. La reforma universitaria en la UNIBE, es en gran medida, un proceso que no est&#xE1; guiado por objetivos predeterminados a elevar las aspiraciones del profesor como individuo.</subfield>
  </datafield>
  <datafield tag="921" ind1=" " ind2=" ">
    <subfield code="a">16</subfield>
  </datafield>
  <datafield tag="922" ind1=" " ind2=" ">
    <subfield code="a">16</subfield>
  </datafield>
  <datafield tag="923" ind1=" " ind2=" ">
    <subfield code="a">0</subfield>
  </datafield>
  <datafield tag="924" ind1=" " ind2=" ">
    <subfield code="a">NO APLICA</subfield>
  </datafield>
  <datafield tag="942" ind1=" " ind2=" ">
    <subfield code="c">Tesis</subfield>
  </datafield>
  <datafield tag="999" ind1=" " ind2=" ">
    <subfield code="c">1272</subfield>
    <subfield code="d">1272</subfield>
  </datafield>
</record>
